Statistics for Grey's Anatomy Characters by Photo

Click here to take the quiz!

General Stats

  • This quiz has been taken 211 times
  • The average score is 10 of 12

Answer Stats

Answer% Correct
Dr. Owen Hunt
96%
Dr. Mark Sloan
95%
Dr. Lexie Grey
94%
Dr. April Kepner
92%
Dr. George O'Malley
91%
Dr. Addison Montgomery
89%
Dr. Teddy Altman
86%
Dr. Andrew DeLuca
84%
Adele Webber
83%
Denny Duquette
74%
Dr. Nathan Riggs
63%
Dr. Shane Ross
63%

Score Distribution

Percentile by Number Answered

Percent of People with Each Score

Your Score History

You have not taken this quiz